Exploiting an untapped resource (Record no. 66514)

MARC details
000 -LEADER
fixed length control field 01215cam a2200241 4500
001 - CONTROL NUMBER
control field ABS63628
008 - FIXED-LENGTH DATA ELEMENTS--GENERAL INFORMATION
fixed length control field 000000n2001 000 0 eng u
035 ## - SYSTEM CONTROL NUMBER
System control number (Sirsi) u111627
100 ## - MAIN ENTRY--PERSONAL NAME
Personal name Green, B.
245 ## - TITLE STATEMENT
Title Exploiting an untapped resource
260 ## - PUBLICATION, DISTRIBUTION, ETC.
Date of publication, distribution, etc. 2001
490 ## - SERIES STATEMENT
Series statement Contract Journal
Volume/sequential designation 407(6319) 21 March 2001, 16-17(2)
520 ## - SUMMARY, ETC.
Summary, etc. According to figures issued by the Construction Industry Training Board, over the next five years the construction industry will require around a third of a million new recruits. Companies are increasingly looking abroad in attempts to make up this shortfall. Meanwhile large pools of local labour remain untapped. Suggests that new legislation, allowing councils to take workforce and training into account when awarding contracts, could encourage contractors to employ a percentage of local labour. Notes some of the problems, such as cultural differences, that can arise when attempting to obtain local labour.
590 ## - LOCAL NOTE (RLIN)
Local note ABS
650 ## - SUBJECT ADDED ENTRY--TOPICAL TERM
Topical term or geographic name entry element LABOUR
650 ## - SUBJECT ADDED ENTRY--TOPICAL TERM
Topical term or geographic name entry element COMMUNITIES
650 ## - SUBJECT ADDED ENTRY--TOPICAL TERM
Topical term or geographic name entry element LOCAL
650 ## - SUBJECT ADDED ENTRY--TOPICAL TERM
Topical term or geographic name entry element URBAN REGENERATION
650 ## - SUBJECT ADDED ENTRY--TOPICAL TERM
Topical term or geographic name entry element RECRUITMENT
650 ## - SUBJECT ADDED ENTRY--TOPICAL TERM
Topical term or geographic name entry element CAREERS, EDUCATION AND TRAINING
690 ## - LOCAL SUBJECT ADDED ENTRY--TOPICAL TERM (OCLC, RLIN)
Topical term or geographic name as entry element BUILT ENVIRONMENT
942 ## - ADDED ENTRY ELEMENTS (KOHA)
Suppress in OPAC 0
Holdings
Withdrawn status Lost status Source of classification or shelving scheme Damaged status Not for loan Home library Current library Shelving location Date acquired Total Checkouts Full call number Barcode Date last seen Copy number Price effective from Koha item type
    Dewey Decimal Classification     London London Journal article 23/03/2001   ABS63628 111627-1001 06/08/2019 1 06/08/2019 Journal article